[Event "Turin Epifania op 36th"]
[Site "Turin"]
[Date "2011.01.09"]
[Round "7"]
[White "Hofmann, Martin"]
[Black "Banchio, Davide"]
[Result "1-0"]
[WhiteElo "2175"]
[BlackElo "1968"]
[PlyCount "71"]
[EventDate "2011.01.05"]
[EventType "swiss"]
[EventRounds "7"]
[EventCountry "ITA"]
[SourceTitle "EXT 2012"]
[Source "ChessBase"]
[SourceDate "2011.11.24"]
[SourceVersion "1"]
[SourceVersionDate "2011.11.24"]
[SourceQuality "1"]

1. c4 Nf6 2. Nc3 g6 3. Nf3 Bg7 4. d4 d6 5. e4 0-0 6. Be2 e5 7. 0-0 Nc6 8. d5 Ne7 9. b4 Nh5 10. Re1 f5 11. Ng5 Nf6 12. Bf3 c6 13. Ba3 cxd5 14. cxd5 Kh8 15. b5 fxe4 16. Ncxe4 h6 17. Ne6 Bxe6 18. dxe6 d5 19. Nd6 e4 20. Nf7+ Rxf7 21. exf7 Nf5 22. Bg4 Qa5 23. Bxf5 gxf5 24. Qb3 d4 25. Rad1 Qb6 26. Qc4 d3 27. h3 f4 28. Be7 e3 29. fxe3 fxe3 30. Rxd3 e2+ 31. Qc5 Qe6 32. f8Q+ Bxf8 33. Bxf8 Rc8 34. Qe7 Qb6+ 35. Kh1 Rc7 36. Qxe2 1-0

[Event "Torino-ch"]
[Site "Torino "]
[Date "2010.12.03"]
[Round "5"]
[White "Banchio, Davide"]
[Black "Giacometto, Mario"]
[Result "0-1"]
[WhiteElo "1945"]
[BlackElo "1995"]
[PlyCount "94"]
[EventDate "2010.11.08"]
[EventType "swiss"]
[EventRounds "7"]
[EventCountry "ITA"]
[SourceTitle "EXT 2012"]
[Source "ChessBase"]
[SourceDate "2011.11.24"]
[SourceVersion "1"]
[SourceVersionDate "2011.11.24"]
[SourceQuality "1"]

1. e4 Nf6 2. Nc3 d5 3. d4 dxe4 4. f3 e3 5. Bxe3 Bf5 6. Bc4 e6 7. Nge2 Be7 8. g4 Bg6 9. Nf4 Nd5 10. Ncxd5 Bh4+ 11. Kd2 exd5 12. Bxd5 c6 13. Bb3 Bg5 14. Qe2 0-0 15. Qc4 b5 16. Qc5 Nd7 17. Qxc6 Re8 18. h4 Ne5 19. Qxe8+ Qxe8 20. dxe5 Rd8+ 21. Ke2 Bxf4 22. Bxf4 h5 23. Rad1 Rxd1 24. Rxd1 hxg4 25. fxg4 Qc6 26. Bd5 Qxc2+ 27. Rd2 Qa4 28. Ke3 Qb4 29. h5 Bb1 30. a3 Qc5+ 31. Kf3 Qg1 32. e6 fxe6 33. Bxe6+ Kh7 34. g5 Qh1+ 35. Kg3 Qe1+ 36. Kf3 Qxe6 37. g6+ Bxg6 38. hxg6+ Qxg6 39. Rh2+ Kg8 40. Rg2 Qc6+ 41. Kg3 g6 42. Rd2 Kf7 43. Rd6 Qc5 44. Ra6 b4 45. Bd6 Qg1+ 46. Kh4 Qf2+ 47. Kh3 Qf1+ 0-1

[Event "Torino-ch"]
[Site "Torino "]
[Date "2010.11.21"]
[Round "3"]
[White "Gambarino, Federico"]
[Black "Banchio, Davide"]
[Result "0-1"]
[WhiteElo "1853"]
[BlackElo "1945"]
[PlyCount "124"]
[EventDate "2010.11.08"]
[EventType "swiss"]
[EventRounds "7"]
[EventCountry "ITA"]
[SourceTitle "EXT 2012"]
[Source "ChessBase"]
[SourceDate "2011.11.24"]
[SourceVersion "1"]
[SourceVersionDate "2011.11.24"]
[SourceQuality "1"]

1. e4 c5 2. Nf3 d6 3. d4 cxd4 4. Nxd4 Nf6 5. Nc3 g6 6. Be3 Bg7 7. f3 a6 8. Bc4 Nbd7 9. Qd2 b5 10. Bb3 Bb7 11. a3 Rc8 12. 0-0 h5 13. Bg5 Qb6 14. Be3 Qc7 15. Rad1 Ne5 16. Kh1 Nc4 17. Bxc4 Qxc4 18. Rfe1 h4 19. Bg5 Qc5 20. e5 dxe5 21. Ne6 fxe6 22. Bxf6 Bxf6 23. Qd7+ Kf7 24. Qxb7 Qc6 25. Rd7 Qxb7 26. Rxb7 Rhd8 27. Rb6 Rd2 28. Rc1 e4 29. fxe4 Bxc3 30. bxc3 Rxc3 31. h3 Rcxc2 32. Rxc2 Rxc2 33. Rxa6 Rc4 34. Ra5 Rxe4 35. Rxb5 Ra4 36. Rb3 e5 37. Kh2 Rd4 38. Rb2 e4 39. Ra2 Ra4 40. Kg1 Ke6 41. Kf2 Ke5 42. Ke3 g5 43. Ra1 Rc4 44. Ra2 Rc3+ 45. Kf2 Kf4 46. a4 e3+ 47. Ke2 Kg3 48. a5 Kxg2 49. a6 Rc8 50. Kxe3+ Kxh3 51. a7 Ra8 52. Kf2 g4 53. Kg1 e5 54. Ra3+ g3 55. Ra2 Kg4 56. Ra4+ Kf3 57. Ra3+ Kf4 58. Kg2 e4 59. Ra4 h3+ 60. Kxh3 Kf3 61. Ra3+ e3 62. Kh4 g2 0-1

[Event "Torino op 23rd"]
[Site "Torino"]
[Date "2010.10.30"]
[Round "2"]
[White "Passerotti, Pierluigi"]
[Black "Banchio, Davide"]
[Result "0-1"]
[WhiteElo "2268"]
[BlackElo "1945"]
[PlyCount "74"]
[EventDate "2010.10.29"]
[EventType "swiss"]
[EventRounds "6"]
[EventCountry "ITA"]
[SourceTitle "EXT 2024"]
[Source "ChessBase"]
[SourceDate "2023.10.10"]
[SourceVersion "1"]
[SourceVersionDate "2023.10.10"]
[SourceQuality "1"]

1. d4 Nf6 2. c4 g6 3. Nc3 Bg7 4. e4 d6 5. Be2 0-0 6. Nf3 e5 7. 0-0 Nc6 8. d5 Ne7 9. Ne1 Nd7 10. f3 f5 11. g4 Rf7 12. Be3 f4 13. Bf2 g5 14. h3 a6 15. b4 h5 16. Kg2 Bf8 17. Nd3 Nf6 18. Rh1 Ng6 19. a4 Nh4+ 20. Bxh4 gxh4 21. a5 Rg7 22. Nf2 hxg4 23. hxg4 Nh5 24. Rh2 Ng3 25. Bd3 Qf6 26. Bc2 Bd7 27. Ba4 c6 28. Bb3 Kh8 29. Rc1 Be7 30. Qd3 Rag8 31. Bd1 Rh7 32. Kh3 Rhg7 33. Rc2 Nh5 34. Rd2 Rxg4 35. Nxg4 Rxg4 36. fxg4 f3 37. Qxf3 Qxf3+ 0-1

[Event "Turin Piemonte op 7th"]
[Site "Turin"]
[Date "2007.06.21"]
[Round "1"]
[White "Saccona, Silvano"]
[Black "Banchio, Davide"]
[Result "1-0"]
[WhiteElo "2159"]
[BlackElo "1937"]
[PlyCount "63"]
[EventDate "2007.06.21"]
[EventType "swiss"]
[EventRounds "6"]
[EventCountry "ITA"]
[SourceTitle "EXT 2010"]
[Source "ChessBase"]
[SourceDate "2010.11.25"]
[SourceVersion "1"]
[SourceVersionDate "2010.11.25"]
[SourceQuality "1"]

1. d4 Nf6 2. Nf3 g6 3. Bf4 Bg7 4. e3 d6 5. Be2 0-0 6. 0-0 Nbd7 7. h3 Qe8 8. c3 e5 9. Bh2 h6 10. Na3 a6 11. dxe5 dxe5 12. Nc4 e4 13. Nfd2 b5 14. Na5 Ne5 15. Qc2 Nc6 16. Nab3 Qe7 17. a4 b4 18. Nd4 Nxd4 19. cxd4 c5 20. dxc5 Rd8 21. Nb3 Nd5 22. Rfd1 Qg5 23. Kh1 f5 24. Bc4 Be6 25. Nd4 Bf7 26. Qb3 Kh7 27. Nc6 Nxe3 28. fxe3 Rxd1+ 29. Rxd1 Bxc4 30. Qxc4 Qxe3 31. Nxb4 f4 32. Nd5 1-0

[Event "Lugano New op 1st"]
[Site "Lugano"]
[Date "2007.04.29"]
[Round "1"]
[White "Rogulj, Branko"]
[Black "Banchio, Davide"]
[Result "0-1"]
[WhiteElo "2387"]
[BlackElo "1937"]
[PlyCount "74"]
[EventDate "2007.04.29"]
[EventType "swiss"]
[EventRounds "6"]
[EventCountry "SUI"]
[SourceTitle "CBM 118 Extra"]
[Source "ChessBase"]
[SourceDate "2007.07.04"]
[SourceVersion "1"]
[SourceVersionDate "2007.07.04"]
[SourceQuality "1"]

1. e4 c5 2. Nc3 Nc6 3. g3 g6 4. Bg2 Bg7 5. d3 e6 6. Be3 d6 7. f4 Nf6 8. h3 Qb6 9. Rb1 0-0 10. Nge2 a6 11. 0-0 Qc7 12. g4 b5 13. Ng3 Bb7 14. Nce2 Rac8 15. c3 Ne7 16. Qd2 Nd7 17. f5 exf5 18. gxf5 d5 19. Bh6 dxe4 20. dxe4 Rcd8 21. Bxg7 Kxg7 22. Qg5 f6 23. Qe3 Ne5 24. Nf4 Bc8 25. Rbd1 Rxd1 26. Rxd1 gxf5 27. Nfh5+ Kh8 28. Qh6 Rf7 29. exf5 Bxf5 30. Kh1 Bg6 31. Nf4 Nc4 32. Bd5 Qd6 33. Re1 Rg7 34. Re6 Qd7 35. Rxf6 Ng8 36. Rf8 Qd6 37. Ra8 Be4+ 0-1

[Event "Genova Primavera op 10th"]
[Site "Genova"]
[Date "2007.03.24"]
[Round "2"]
[White "Banchio, Davide"]
[Black "Gromovs, Sergejs"]
[Result "0-1"]
[WhiteElo "1946"]
[BlackElo "2347"]
[PlyCount "46"]
[EventDate "2007.03.23"]
[EventType "swiss"]
[EventRounds "5"]
[EventCountry "ITA"]
[SourceTitle "EXT 2008"]
[Source "ChessBase"]
[SourceDate "2007.11.25"]
[SourceVersion "1"]
[SourceVersionDate "2007.11.25"]
[SourceQuality "1"]

1. e4 c5 2. Nc3 Nc6 3. f4 e6 4. Nf3 d5 5. Bb5 d4 6. Bxc6+ bxc6 7. Ne2 Nf6 8. d3 Be7 9. 0-0 0-0 10. Qe1 a5 11. Ne5 Qc7 12. c3 Nd7 13. cxd4 cxd4 14. Nxd4 Nxe5 15. fxe5 Qxe5 16. Qc3 Bb4 17. Qc4 Bc5 18. Be3 Ba6 19. Qc3 Rad8 20. Nc2 Qxc3 21. bxc3 Bxe3+ 22. Nxe3 Rxd3 23. Rf3 Rxc3 0-1

[Event "Torino Epifania op"]
[Site "Torino"]
[Date "2004.01.??"]
[Round "3"]
[White "Banchio, Davide"]
[Black "Giacomasso, Enrico"]
[Result "1/2-1/2"]
[WhiteElo "1747"]
[BlackElo "1903"]
[PlyCount "43"]
[EventDate "2004.01.??"]
[EventType "swiss"]
[EventRounds "6"]
[EventCountry "ITA"]
[SourceTitle "EXT 2024"]
[Source "ChessBase"]
[SourceDate "2023.10.10"]
[SourceVersion "1"]
[SourceVersionDate "2023.10.10"]
[SourceQuality "1"]

1. e4 c5 2. d4 cxd4 3. c3 d3 4. Bxd3 d6 5. Nf3 Nc6 6. c4 Nf6 7. Nc3 e6 8. 0-0 Be7 9. Qe2 Qc7 10. Bg5 a6 11. Rfd1 0-0 12. Rac1 Bd7 13. Nd5 Qd8 14. Nxe7+ Qxe7 15. e5 dxe5 16. Nxe5 Rad8 17. Ng4 e5 18. Nxf6+ gxf6 19. Qe4 f5 20. Bxe7 fxe4 21. Bxd8 exd3 22. Bf6 1/2-1/2

[Event "Torino Scaccomatto op"]
[Site "Torino"]
[Date "2004.??.??"]
[Round "3"]
[White "Banchio, Davide"]
[Black "Gussone, Claudio"]
[Result "1-0"]
[WhiteElo "1974"]
[BlackElo "1980"]
[PlyCount "47"]
[EventDate "2004.12.10"]
[EventType "swiss"]
[EventRounds "7"]
[EventCountry "ITA"]
[SourceTitle "EXT 2018"]
[Source "ChessBase"]
[SourceDate "2017.10.13"]
[SourceVersion "1"]
[SourceVersionDate "2017.10.13"]
[SourceQuality "1"]

1. e4 d6 2. d4 Nf6 3. Nc3 g6 4. Be3 Bg7 5. f3 0-0 6. Qd2 c6 7. 0-0-0 Qa5 8. g4 b5 9. Kb1 b4 10. Nce2 Be6 11. Nc1 Na6 12. Nge2 Nc7 13. g5 Nd7 14. h4 Nb6 15. Ng3 Bc4 16. h5 Nb5 17. Nb3 Qa4 18. hxg6 fxg6 19. Qh2 Nc3+ 20. bxc3 bxc3 21. Qxh7+ Kf7 22. Nf5 Rg8 23. Nh6+ Ke6 24. Bh3# 1-0

[Event "Torino Scaccomatto op"]
[Site "Torino"]
[Date "2004.??.??"]
[Round "5"]
[White "Banchio, Davide"]
[Black "Malano, Francesco"]
[Result "0-1"]
[WhiteElo "1974"]
[BlackElo "2060"]
[PlyCount "46"]
[EventDate "2004.12.10"]
[EventType "swiss"]
[EventRounds "7"]
[EventCountry "ITA"]
[SourceTitle "EXT 2018"]
[Source "ChessBase"]
[SourceDate "2017.10.13"]
[SourceVersion "1"]
[SourceVersionDate "2017.10.13"]
[SourceQuality "1"]

1. e4 c5 2. d4 cxd4 3. c3 dxc3 4. Nxc3 e6 5. Nf3 a6 6. Bc4 b5 7. Bb3 Bb7 8. Qe2 Bc5 9. 0-0 d6 10. Bf4 Ne7 11. Rfd1 Qc7 12. Rac1 Nbc6 13. Ng5 Ng6 14. Bxe6 Nxf4 15. Bxf7+ Qxf7 16. Qg4 Ne5 17. Nxf7 Nxg4 18. Nxh8 Bxf2+ 19. Kf1 Be3 20. Rc2 Ke7 21. Nd5+ Nxd5 22. exd5 Bc5 23. b4 Ne3+ 0-1

[Event "Torino op 10"]
[Site "Torino"]
[Date "2003.10.31"]
[Round "2"]
[White "Banchio, Davide"]
[Black "Fassio, Luca"]
[Result "1/2-1/2"]
[WhiteElo "1750"]
[BlackElo "2123"]
[PlyCount "34"]
[EventDate "2003.10.??"]
[EventType "swiss"]
[EventRounds "5"]
[EventCountry "ITA"]
[SourceTitle "EXT 2024"]
[Source "ChessBase"]
[SourceDate "2023.10.10"]
[SourceVersion "1"]
[SourceVersionDate "2023.10.10"]
[SourceQuality "1"]

1. e4 d6 2. d4 g6 3. Nc3 Bg7 4. Be3 c6 5. Qd2 b5 6. f3 Nd7 7. Nge2 Nb6 8. Ng3 h5 9. Bd3 Nf6 10. b3 a6 11. 0-0 e5 12. dxe5 dxe5 13. Rad1 Be6 14. Bxb5 Qc7 15. Qd6 Qxd6 16. Rxd6 cxb5 17. Bxb6 Bf8 1/2-1/2